Účtovníctvo príspevkových organizácií v aplikácií na konkrétnu organizáciu diplomová práca

Guardado en:
Detalles Bibliográficos
Autor principal: Šimpachová, Hana
Autor Corporativo: Fakulta hospodárskej informatiky EU. Katedra účtovníctva a audítorstva
Otros Autores: Kovalčíková, Antónia
Formato: Libro
Lenguaje:eslovaco
Publicado: Bratislava 2008
Etiquetas: Agregar Etiqueta
Sin Etiquetas, Sea el primero en etiquetar este registro!

MARC

LEADER 00000nam$a2200000$$$4500
001 0085431
005 20240201120600.1
041 0 |a slo 
044 |a SK 
245 1 0 |a Účtovníctvo príspevkových organizácií v aplikácií na konkrétnu organizáciu  |b diplomová práca  |c Hana Šimpachová ; škol. Antónia Kovalčíková 
264 1 |a Bratislava  |c 2008 
300 |a 70 s. 
100 1 |a Šimpachová, Hana 
700 1 |a Kovalčíková, Antónia 
710 2 |a Fakulta hospodárskej informatiky EU. Katedra účtovníctva a audítorstva